000 00579nam a2200193 i 4500
001 bg
100 1 _aGOĆKOWSKI, Janusz
245 0 _aAutorytety społeczeństwa uczonych /
_cJanusz Goćkowski.
260 _aWrocław :
_bWydawn. Polit. Wrocł.,
_c1979.
300 _as. 230.
490 1 _aPrace Nauk. Inst. Nauk Społ. Polit. Wrocł. ;
_vNr 22
504 _a[Zawiera bibliogr. s. 219-229].
830 _aPrace Nauk. Inst. Nauk Społ. Polit. Wrocł. ;
040 _cBPK
041 _apol
080 _a001:301
942 _cKS
008 s pl f |000 0 pol
999 _c18784
_d18784
856 _uhttp://koha.tu.koszalin.pl/cgi-bin/koha/opac-detail.pl?biblionumber=18784
_yKatalog online BPK